000 00701nam a2200229Ia 4500
005 20241129104239.0
008 241129s9999||||xx |||||||||||||| ||und||
020 _a9780262035613
037 _aTextual
040 _aRTL
_beng
_cRTL
041 _aeng
_2eng
084 _aD6,9(B) Q6
_qRTL
100 _aGoodfellow Ian; Bengio Yoshua; Courville Aaron
_9725428
245 0 _aDeep learning
_cGoodfellow Ian; Bengio Yoshua; Courville Aaron
260 _aCambridge
_bMIT Press
_c2016
300 _axxii,775p.
365 _aINR
_b8314
490 _aAdaptive Computation and Machine Learning
650 _aMachine Learning
_9480917
942 _cTB
_hD6,9(B) Q6
999 _c1225058
_d1225058